|
|
|
|
| LEADER |
01512nam a22002897a 4500 |
| 001 |
33420 |
| 003 |
BD-DhAAL |
| 005 |
20250623160212.0 |
| 008 |
180718t2000 bg a|||| b||| 00| 0 ben d |
| 020 |
|
|
|a 9845601197
|
| 040 |
|
|
|a BD-DhAAL
|
| 041 |
|
|
|a ben
|h eng
|
| 082 |
|
|
|a 576.8
|2 21
|
| 100 |
|
|
|a নেস্তুর্খ, মিখাইল.
|9 27522
|
| 245 |
|
|
|a মানব সমাজ :
|b প্রজাতি, জাতি, প্রগতি /
|c মিখাইল নেস্তুর্খ, অনুবান ও সম্পাদনা দ্বিজেন শর্মা.
|
| 246 |
|
|
|a Manob samaj
|
| 260 |
|
|
|a ঢাকা :
|b জাতীয় গ্রন্থ প্রকাশনা,
|c ২০০০.
|
| 300 |
|
|
|a ১২৫ পৃষ্ঠা :
|b চিত্র ;
|c ২২ সে. মি.
|
| 504 |
|
|
|a গ্রন্থপঞ্জিগত নির্দেশিকা অন্তভূক্ত
|
| 526 |
|
|
|a ARC
|
| 541 |
|
|
|a Department of Architecture
|e 33420
|
| 650 |
|
|
|a Evolution (Biology).
|9 27523
|
| 700 |
|
|
|a শর্মা, দ্বিজেন.
|9 27524
|
| 852 |
|
|
|a Department of Architecture
|c General Stacks
|
| 942 |
|
|
|2 ddc
|c BK
|
| 999 |
|
|
|c 39826
|d 39826
|
| 952 |
|
|
|0 0
|1 1
|2 ddc
|4 0
|6 576_800000000000000_NOS
|7 0
|9 63861
|a ARC
|b ARC
|c GEN
|d 2018-07-18
|e Department of Architecture
|l 0
|o 576.8 NOS
|p 3010033420
|r 2018-07-18
|t 1
|w 2018-07-18
|y BK
|x lost from the ARC department library and approved by the Dean (reasons personal books withdrawn by Hasibul Kabir Sir and Building shifting)
|